La guerra inútil (Registro nro. 4095)
[ vista simple ]
| 000 -CABECERA | |
|---|---|
| Longitud fija campo de control | 00646nam a22002057a 4500 |
| 003 - IDENTIFICADOR DELl NÚMERO DE CONTROL | |
| Identificador del número de control | OSt |
| 005 - FECHA Y HORA DE LA ÚLTIMA TRANSACCIÓN | |
| Fecha y hora de la última transacción | 20140717213003.0 |
| 008 - CÓDIGOS DE INFORMACIÓN DE LONGITUD FIJA | |
| Códigos de información de longitud fija | 131113b1971 cri spa |
| 040 ## - FUENTE DE LA CATALOGACIÓN | |
| Centro transcriptor | BMC |
| 082 ## - NÚMERO DE LA CLASIFICACIÓN DECIMAL DEWEY | |
| Númeroo de clasificación | 972.84052 |
| 100 1# - PUNTO DE ACCESO PRINCIPAL-NOMBRE DE PERSONA | |
| 9 (RLIN) | 9221 |
| Nombre de persona | Carias, Marco Virgilio |
| 245 13 - MENCIÓN DE TÍTULO | |
| Título | La guerra inútil |
| Resto del título | : análisis socio-económico del conflicto entre Honduras y El Salvador |
| Mención de responsabilidad, etc. | Marco Virgilio Carias, Daniel Slutzky |
| 250 ## - MENCIÓN DE EDICIÓN | |
| Mención de edición | 1ª ed |
| 260 ## - PUBLICACIÓN, DISTRIBUCIÓN, ETC. (PIE DE IMPRENTA) | |
| Lugar de publicación, distribución, etc. | San José (Costa Rica) |
| Nombre del editor, distribuidor, etc. | EDUCA |
| Fecha de publicación, distribución, etc. | 1971 |
| 300 ## - DESCRIPCIÓN FÍSICA | |
| Extensión | 338 p. |
| Dimensiones | 17 cm |
| 490 ## - MENCIÓN DE SERIE | |
| Mención de serie | Colección Seis |
| 650 24 - PUNTO DE ACCESO ADICIONAL DE MATERIA - TÉRMINO DE MATERIA | |
| 9 (RLIN) | 9220 |
| Término de materia o nombre geográfico como elemento inicial | Guerra hondureño-salvadoreña, 1969 |
| 700 1# - PUNTO DE ACCESO ADICIONAL - NOMBRE DE PERSONA | |
| 9 (RLIN) | 9291 |
| Nombre de persona | Slutzki, Daniel |
| 942 ## - ENTRADA DE ELEMENTOS AGREGADOS (KOHA) | |
| Fuente de clasificaión o esquema | Dewey Decimal Classification |
| Koha [por defecto] tipo de item | 1- Monografias |
| Suprimido | Perdido | Fuente de clasificación o esquema | Estropeado | Restricciones de uso | No para préstamo | Código de colección | Localización permanente | Localización actual | Localización en estanter&íacute;as | Fecha adquisición | Fuente de adquisición | Número de inventario | Préstamos totales | Signatura completa | Código de barras | Fecha última consulta | Coste, precio reemplazado | Fecha del precio de reemplazo | Tipo de item de Koha | Renovaciones totales | Fecha último préstamo |
|---|---|---|---|---|---|---|---|---|---|---|---|---|---|---|---|---|---|---|---|---|---|
| NULL | NULL | Dewey Decimal Classification | NULL | Prestable | NULL | NULL | Biblioteca Miguel de Cervantes - UNICAES | Biblioteca Miguel de Cervantes - UNICAES | Sala Principal | 14/11/2013 | Donación - Mayorga Rivas | 007034 | 972.84052 CAR gue | 1007034 | 14/11/2013 | 14.16 | 14/11/2013 | 1- Monografias | |||
| NULL | NULL | Dewey Decimal Classification | NULL | Prestable | NULL | NULL | Biblioteca Miguel de Cervantes - UNICAES | Biblioteca Miguel de Cervantes - UNICAES | Sala Principal | 14/11/2013 | Donación - Mayorga Rivas | 007035 | 1 | 972.84052 CAR gue | 1007035 | 20/05/2017 | 14.16 | 14/11/2013 | 1- Monografias | 1 | 17/05/2017 |